000
00270nam a22001217a 4500
008
170613b xxu||||| |||| 00| 0 eng d
041
_a
eng
080
_a
94
100
_a
19
101
_a
SHH
245
_a
MANIFESTO OF THE COMUNIST PARTY
_c
MARK.K
942
_2
udc
_c
BK
999
_c
17070
_d
17070